000
00321pam a2200133a 44500
008
230405s2005 xxu||||| |||| 00| 0 eng d
041
_a
ENG
100
_a
Bailey
245
_a
Chemistry of the Environment
260
_a
U.S.A.
_b
Academic Press
_c
2005
300
_a
834
700
_a
Edminister Joseph A
906
_a
11426
999
_c
301925
_d
301925